| 000 | 00485nam a2200217Ia 4500 | ||
|---|---|---|---|
| 003 | 0100 | ||
| 008 | 130227s9999 xx 000 0 und d | ||
| 040 | _cARRUPELIB | ||
| 050 | _aBD541.B85 | ||
| 100 | _aBunge, Mario | ||
| 245 | _aCausality and modern science | ||
| 250 | _a4th rev. ed. | ||
| 260 | _aNew Brunswick | ||
| 260 | _bTransaction Publishers | ||
| 260 | _C2008 | ||
| 300 | _a417p. | ||
| 300 | _b 23 cm | ||
| 650 | _bDreams | ||
| 650 | _cSufism | ||
| 942 |
_2lcc _01 |
||
| 999 |
_c2758 _d2758 |
||